<?xml version="1.0" encoding="UTF-8"?>
<record
    xmlns:xsi="http://www.w3.org/2001/XMLSchema-instance"
    xsi:schemaLocation="http://www.loc.gov/MARC21/slim http://www.loc.gov/standards/marcxml/schema/MARC21slim.xsd"
    xmlns="http://www.loc.gov/MARC21/slim">

  <leader>03974nam a2200409 a 4500</leader>
  <controlfield tag="001">ebr10722785</controlfield>
  <controlfield tag="003">CaPaEBR</controlfield>
  <controlfield tag="006">m     o  u        </controlfield>
  <controlfield tag="007">cr cn|||||||||</controlfield>
  <controlfield tag="008">130418s2013    gw      sb    100 0 eng d</controlfield>
  <datafield tag="010" ind1=" " ind2=" ">
    <subfield code="z">  2013012834</subfield>
  </datafield>
  <datafield tag="020" ind1=" " ind2=" ">
    <subfield code="z">9783631629741</subfield>
  </datafield>
  <datafield tag="020" ind1=" " ind2=" ">
    <subfield code="z">9783653031331 (e-book)</subfield>
  </datafield>
  <datafield tag="040" ind1=" " ind2=" ">
    <subfield code="a">CaPaEBR</subfield>
    <subfield code="c">CaPaEBR</subfield>
  </datafield>
  <datafield tag="035" ind1=" " ind2=" ">
    <subfield code="a">(OCoLC)851512709</subfield>
  </datafield>
  <datafield tag="041" ind1="0" ind2=" ">
    <subfield code="a">eng</subfield>
    <subfield code="a">ger</subfield>
    <subfield code="a">fre</subfield>
  </datafield>
  <datafield tag="043" ind1=" " ind2=" ">
    <subfield code="a">e-pl---</subfield>
    <subfield code="a">e-xr---</subfield>
  </datafield>
  <datafield tag="050" ind1="1" ind2="4">
    <subfield code="a">DK4250</subfield>
    <subfield code="b">.B47 2013eb</subfield>
  </datafield>
  <datafield tag="082" ind1="0" ind2="4">
    <subfield code="a">943.8/023</subfield>
    <subfield code="2">23</subfield>
  </datafield>
  <datafield tag="245" ind1="0" ind2="0">
    <subfield code="a">Between worlds</subfield>
    <subfield code="h">[electronic resource] :</subfield>
    <subfield code="b">the age of the Jagiellonians /</subfield>
    <subfield code="c">edited by Florin Ardelean, Christopher Nicholson and Johannes Preiser-Kapeller.</subfield>
  </datafield>
  <datafield tag="260" ind1=" " ind2=" ">
    <subfield code="a">Frankfurt am Main [Germany] ;</subfield>
    <subfield code="a">New York :</subfield>
    <subfield code="b">Peter Lang Edition,</subfield>
    <subfield code="c">2013.</subfield>
  </datafield>
  <datafield tag="300" ind1=" " ind2=" ">
    <subfield code="a">227 p.</subfield>
  </datafield>
  <datafield tag="440" ind1=" " ind2="0">
    <subfield code="a">Eastern and Central European studies,</subfield>
    <subfield code="x">2191-8864 ;</subfield>
    <subfield code="v">v. 2</subfield>
  </datafield>
  <datafield tag="500" ind1=" " ind2=" ">
    <subfield code="a">This volume brings together a rich variety of papers, which were given at an international conference entitled "Between Worlds: The Age of the Jagiellonians" in Cluj-Napoca in October 2010.</subfield>
  </datafield>
  <datafield tag="504" ind1=" " ind2=" ">
    <subfield code="a">Includes bibliographical references.</subfield>
  </datafield>
  <datafield tag="505" ind1="0" ind2=" ">
    <subfield code="a">Between medieval tradition and early modern military revolution : warfare and military structures in the Hungarian kingdom (1490-1526) / Florin Nicolae Ardelean -- Iuxta morem patrium : ungarische Kr&#xFFFD;onungen der Jagiellonen 1490-1508 und Ferdinands I. von Habsburg 1527 / Michaela Bodn&#xFFFD;arov&#xFFFD;a -- Representative and representing art foundations of the urban patriciate in Transylvania : the Haller von Hallerstein family in the late medieval and early modern period / Marco Bogade -- K&#xFFFD;onig Vladislav II., der Kronst&#xFFFD;adter Distrikt und die T&#xFFFD;orzburg : aus den Beziehungen des Jagiellonenk&#xFFFD;onigs mit seinen siebenb&#xFFFD;urgisch s&#xFFFD;achsischen Untertanen am Anfang des 16. Jahrhunderts / Liviu C&#xFFFD;impeanu -- Pro communi reipublicae bono : K&#xFFFD;onig und Reich im jagiellonischen Polen um 1500 / Julia D&#xFFFD;ucker -- Autour de la question de l'hommage de Lvov (1387) : contribution &#xFFFD;a l'&#xFFFD;etude des relations politiques entre la Moldavie de petru et la Pologne de Vladislas II Jagellon / Guillaume Durand -- Jacobus Campora : Bischof von Kaffa : Rede an Kaiser Friedrich III und an K&#xFFFD;onig Ladislaus Postumus nach der Eroberung Konstantinopels / Christian Gastgeber -- The idea of Muscovite autocephaly from 1441 to 1467 / Basil Louri&#xFFFD;e -- Le long voyage vers la terre promise : les migrations serbes en Banat (xve-xvie si&#xFFFD;ecles) / Adrian Magina -- The Bohemian diet in the Jagiellonian period (1471-1526) : towards a comparative perspective / Christopher Nicholson -- T&#xFFFD;emoignages sur les relations de suzerainet&#xFFFD;e vassalit&#xFFFD;e : polono moldaves &#xFFFD;a la fin du r&#xFFFD;egne du premier roi Jagellon / Ioan Aurel Pop, Adinel Ciprian Dinc -- Der Grossf&#xFFFD;urst der Feueranbeter : Kirchlich diplomatische Bziehungen zwischen Byzanz und dem heidnischen Litauen im Kontext der Aussenpolitik des Patriarchats von Konstantinopel im 14. jh. / Johannes Preiser Kapeller -- Crusading at the time of the Hungarian royal elections of 1490 : -- Between Matthias Corvinus' succession and John Albert's Moldavian campaign / Alexandru Simon -- Catastrophe or consolidation : Sigismund's response to defeat after the crusade of Nicopolis (1396) / Mark Whelan.</subfield>
  </datafield>
  <datafield tag="533" ind1=" " ind2=" ">
    <subfield code="a">Electronic reproduction.</subfield>
    <subfield code="b">Palo Alto, Calif. :</subfield>
    <subfield code="c">ebrary,</subfield>
    <subfield code="d">2013.</subfield>
    <subfield code="n">Available via World Wide Web.</subfield>
    <subfield code="n">Access may be limited to ebrary affiliated libraries.</subfield>
  </datafield>
  <datafield tag="600" ind1="3" ind2="0">
    <subfield code="a">Jagellon dynasty</subfield>
    <subfield code="v">Congresses.</subfield>
  </datafield>
  <datafield tag="651" ind1=" " ind2="0">
    <subfield code="a">Poland</subfield>
    <subfield code="x">History</subfield>
    <subfield code="y">Jagellons, 1386-1572</subfield>
    <subfield code="v">Congresses.</subfield>
  </datafield>
  <datafield tag="651" ind1=" " ind2="0">
    <subfield code="a">Bohemia (Czech Republic)</subfield>
    <subfield code="x">History</subfield>
    <subfield code="y">1403-1526</subfield>
    <subfield code="v">Congresses.</subfield>
  </datafield>
  <datafield tag="655" ind1=" " ind2="7">
    <subfield code="a">Electronic books.</subfield>
    <subfield code="2">local</subfield>
  </datafield>
  <datafield tag="700" ind1="1" ind2=" ">
    <subfield code="a">Ardelean, Florin,</subfield>
    <subfield code="d">1983-</subfield>
  </datafield>
  <datafield tag="700" ind1="1" ind2=" ">
    <subfield code="a">Nicholson, Christopher,</subfield>
    <subfield code="d">1984-</subfield>
  </datafield>
  <datafield tag="700" ind1="1" ind2=" ">
    <subfield code="a">Preiser-Kapeller, Johannes.</subfield>
  </datafield>
  <datafield tag="710" ind1="2" ind2=" ">
    <subfield code="a">ebrary, Inc.</subfield>
  </datafield>
  <datafield tag="856" ind1="4" ind2="0">
    <subfield code="u">http://site.ebrary.com/lib/rucke/Doc?id=10722785</subfield>
    <subfield code="z">An electronic book accessible through the World Wide Web; click to view</subfield>
  </datafield>
  <datafield tag="999" ind1=" " ind2=" ">
    <subfield code="c">39436</subfield>
    <subfield code="d">39436</subfield>
  </datafield>
</record>
